The universe in a nutshell (Record no. 12621)

000 -LEADER
fixed length control field 00450nam a22001697a 4500
008 - FIXED-LENGTH DATA ELEMENTS--GENERAL INFORMATION
fixed length control field 241226b 2001 ||||| |||| 00| 0 eng d
020 ## - INTERNATIONAL STANDARD BOOK NUMBER
International Standard Book Number 9780553802023
082 ## - DEWEY DECIMAL CLASSIFICATION NUMBER
Classification number 530.12
Item number HAW
100 ## - MAIN ENTRY--PERSONAL NAME
Personal name Hawking, Stephen
245 ## - TITLE STATEMENT
Title The universe in a nutshell
260 ## - PUBLICATION, DISTRIBUTION, ETC. (IMPRINT)
Place of publication, distribution, etc New York
Name of publisher, distributor, etc Bantam
Date of publication, distribution, etc 2001
300 ## - PHYSICAL DESCRIPTION
Extent viii,216p.
650 ## - SUBJECT ADDED ENTRY--TOPICAL TERM
Topical term or geographic name as entry element A brief history of relativity
650 ## - SUBJECT ADDED ENTRY--TOPICAL TERM
Topical term or geographic name as entry element The shape of time
650 ## - SUBJECT ADDED ENTRY--TOPICAL TERM
Topical term or geographic name as entry element Predicting the future
942 ## - ADDED ENTRY ELEMENTS (KOHA)
Item type Books
Holdings
Withdrawn status Lost status Source of classification or shelving scheme Damaged status Not for loan Collection code Permanent location Current location Shelving location Date acquired Total Checkouts Full call number Barcode Date last seen Date last borrowed Koha item type Public note
          Non-fiction IMU-MPC Library IMU-MPC Library General Stacks 2024-12-26 1 530.12 HAW MPC6927 2025-03-17 2025-02-28 Books Column-24
          Non-fiction IMU-MPC Library IMU-MPC Library General Stacks 2024-12-26 2 530.12 HAW MPC6928 2025-05-05 2025-04-15 Books Column-24
Copyright © 2021 Indian Maritime University, Mumbai Port Campus. All Rights Reserved. Managed & Maintained by Central Library, IMU-Mumbai

webs counters

Powered by Koha